000 00290nam a22001217a 4500
999 _c7953
_d7954
008 190507b ||||| |||| 00| 0 eng d
082 _a519.5 A65a 2019
245 _aApplied Statistics with R.
260 _c2019.
300 _a369 p.
_c30 cm.
650 _aapplies statistics.
942 _2ddc